| 000 | 00722nam a22001937a 4500 | ||
|---|---|---|---|
| 999 |
_c171397 _d171397 |
||
| 005 | 20200110171300.0 | ||
| 010 | _aUR-10654 | ||
| 020 |
_c75.00 _a- |
||
| 035 | _aU-9209 | ||
| 037 |
_bDBAD/PUB _a- |
||
| 082 | _a270 | ||
| 100 | _aمحب ا للہ قا سمی | ||
| 245 |
_aشخصيت کی تعمير ا سلا م کی ر و شنی ميں _cمحب ا للہ قا سمی |
||
| 246 |
_bShakhsiyat Ki Tameer Islam Ki Roshni Mein (Urdu) _aby Moulana Muhibullah Qasmi |
||
| 260 |
_aN.Delhi _bMarkazi Maktaba Islami Publishers _c2016 ء |
||
| 270 |
_aD-307Dawat Nagar,Abulfazal Enclave,Jamia Nagar N.D. _bN.Delhi _e110025 _k26971652 _l- |
||
| 300 |
_a134 ص _c22 Cm(Hb) |
||
| 942 |
_2ddc _cUR _h270 _mق ا س |
||